| 000 | 00565nam a2200205Ia 4500 | ||
|---|---|---|---|
| 008 | 160803s9999 xx 000 0 und d | ||
| 020 | _a9780516245072 | ||
| 100 | _aGreene, Carol | ||
| 245 | _aIce is-- whee! / | ||
| 245 | _cby Carol Greene ; illustrations by Paul Sharp ; prepared under the direction of Robert Hillerich. | ||
| 260 | _aNew York : | ||
| 260 | _bScholastic Inc. | ||
| 260 | _c1983 | ||
| 300 | _a29 pages : | ||
| 300 | _bcolor illustrations ; | ||
| 300 | _c18 cm. | ||
| 650 | _aIce -- | ||
| 650 | _xJuvenile fiction. | ||
| 700 | _aBR | ||
| 999 |
_c299686 _d299686 |
||